The Homebuyer Report unveiled (Record no. 81161)

MARC details
000 -LEADER
fixed length control field 01609cad a22002295a 4500
001 - CONTROL NUMBER
control field L146476
008 - FIXED-LENGTH DATA ELEMENTS--GENERAL INFORMATION
fixed length control field 090123s2009 xxkad f s 000 0 eng d
035 ## - SYSTEM CONTROL NUMBER
System control number (Sirsi) u146476
041 0# - LANGUAGE CODE
Language code of text/sound track or separate title eng
100 1# - MAIN ENTRY--PERSONAL NAME
Personal name Ellis, Graham
245 04 - TITLE STATEMENT
Title The Homebuyer Report unveiled
Medium [electronic resource]
260 ## - PUBLICATION, DISTRIBUTION, ETC.
Date of publication, distribution, etc. 2009
490 ## - SERIES STATEMENT
Series statement RICS Residential Property Journal
Volume/sequential designation January-February 2009, 6-8(3)
520 ## - SUMMARY, ETC.
Summary, etc. Article looks at the launch of the new Homebuyer Survey and Valuation (HSV) report for a period of familiarisation with members in early 2009, before coming into full use in July. The report will be known as the RICS Homebuyer Report (HBR) and findings from a survey conducted to gauge member responses to the draft version of the report are presented for inspection. The author also provides additional background information on the report, details on the HSV product review group and answers to some likely frequently asked questions on the report format etc. An extended section on condition ratings is provided (one of the key areas of discussion with the draft report), as well as dates for forthcoming 2009 HBR Road show events.
520 ## - SUMMARY, ETC.
Summary, etc. Article is member-only content and members must be registered with www.rics.org to access it.
590 ## - LOCAL NOTE (RLIN)
Local note KA
650 24 - SUBJECT ADDED ENTRY--TOPICAL TERM
Topical term or geographic name entry element HOMEBUYERS REPORT
651 #4 - SUBJECT ADDED ENTRY--GEOGRAPHIC NAME
Geographic name United Kingdom
Chronological subdivision
690 ## - LOCAL SUBJECT ADDED ENTRY--TOPICAL TERM (OCLC, RLIN)
Topical term or geographic name as entry element PROPERTY-RESIDENTIAL PROPERTY-RESIDENTIAL PROPERTY APPRAISAL AND VALUATION
856 40 - ELECTRONIC LOCATION AND ACCESS
Uniform Resource Identifier <a href="https://www.rics.org/site/scripts/documents_info.aspx?documentID=148&pageNumber=5">https://www.rics.org/site/scripts/documents_info.aspx?documentID=148&pageNumber=5</a>
Public note View the article (member-content only) free of charge at www.rics.org...
942 ## - ADDED ENTRY ELEMENTS (KOHA)
Suppress in OPAC 0
Holdings
Withdrawn status Lost status Source of classification or shelving scheme Damaged status Not for loan Home library Current library Shelving location Date acquired Total Checkouts Full call number Barcode Date last seen Copy number Price effective from Koha item type
    Dewey Decimal Classification     Virtual Virtual Online 23/01/2009   ONLINE PUBLICATION 146476-1001 06/08/2019 1 06/08/2019 Journal article